000 00281nam a22001217a 4500
020 _a9788183990653
082 _a631.1
_bKAN/OB
100 _aKantwa, S.R
245 _aObjective agriculture
250 _a10th ed
260 _aNew Delhi
_bNew Vishal Publications
_c2012
942 _cBK
999 _c13797
_d13797